000 01000nam a22003017a 4500
001 BR9802581
003 BR-BrBNA
005 20230928095938.0
007 ta
008 230509b bl.||||| |||| 00| 0 por d
040 _aBR-BrBNA
_bpor
_cBiblioteca Nacional de Agricultura
041 _a(Por)
072 _aL53
_b8140
090 _ 8140 BR9802581
100 1 _aDiniz, C.C.
110 1 _aUniversidade Federal de Lavras, MG (Brasil)
_0Tese (Mestrado)
245 1 _aDinamica reprodutiva de Leporinus striatus e histologia do ovario de cinco especies do genero Leporinus Spix 1829 (Osteychthyes, Characiformes, Anostomidae)na represa de Camargos, MG
260 3 _aLavras, MG (Brasil):
_c1997.
300 _a69 p.
500 _aBibliography p. 55-64; 22 illus.; 15 tables; Summaries (Eng, Por)
650 _aPiau
650 _aEficiencia Reprodutiva
650 _aOvario
650 _aHistologia Animal
650 _aMinas Gerais
909 _a202309
_bLucia
_c55
_dLucia Elande
942 _cBK
999 _c59547
_d59547